| 000 | 00893nam a22002775a 4500 | ||
|---|---|---|---|
| 005 | 20150817113229.0 | ||
| 006 | m||||f ||z| 00| 0 | ||
| 008 | 090517t2000 ii a|||fr|||| 00| 0 eng d | ||
| 010 | _a00069419 | ||
| 020 | _a1576108767 (pbk.) | ||
| 020 | _a8177221329 (CD-ROM) | ||
| 040 |
_aEG-ScBUE _beng _cEG-ScBUE |
||
| 082 | 0 | 4 |
_a006.68 _bCHA _222 |
| 100 | 1 |
_aChandler, Damon. _94768 |
|
| 245 | 1 | 0 |
_aWindows 2000 graphics API black book / _cDamon Chandler, Michael Fötsch. |
| 260 |
_aNew Delhi : _bCoriolis, _cc.2000. |
||
| 300 |
_axxiv, 1188 p. : _bill. ; _c24 cm. + _e1 computer optical disc (4 3/4 in.) |
||
| 490 | _aBlack book series | ||
| 500 | _aIndex : p. 1161-1188. | ||
| 590 | _ayassmeen ashraf | ||
| 650 | 0 |
_aComputer graphics. _94770 _2BUEsh |
|
| 651 | _2BUEsh | ||
| 653 |
_bCOMSCI _cAugust2015 |
||
| 700 | 1 |
_aFötsch, Michael. _94771 |
|
| 942 |
_cBB _k006.68 CHA _2ddc |
||
| 999 |
_c595 _d595 |
||